00954cam a2200241 450000100060000000300080000600500170001400800410003102000150007203500190008704000350010604100080014108200190014911100900016824502130025826000320047130000330050350400390053665000370057565000310061265000420064370000270068523674BD-RjUL20211209000946.0140311s1973 enka 101 0 eng d a0715606735 a(BD-RjUL)23739 aBD-RjULbengcBD-RjULdBD-RjUL aeng a913bEXP 19732 aResearch Seminar in Archaeology and Related SubjectscUniversity of Sheffield :d197114aThe explanation of culture change :bmodels in prehistory : proceedings of a meeting of the Research Seminar in Archaeology and Related Subjects held at the University of Sheffield /cedited by Colin Renfrew. aLondon :bDuckworth,c1973. axv, 788 p. :bill. ;c26 cm. aIncludes bibliographies and index. 0aPrehistoric peoplesvCongresses. 0aSocial changevCongresses. 0aArchaeologyxMethodologyvCongresses.1 aRenfrew, Colin,d1937-